000 00431cam a2200169 4500
001 D12471
008 090401t1959 xxu||||| |||| 00| 0 eng d
035 _a(Sirsi) u3702
041 _aeng
100 _aCorfield, F.V.
245 _aCompensation and the Town and Country Planning Act, 1959
260 _aLondon
_bSolicitors` Law Stationery Soc
_c1959
350 _a0
520 _aShelf 178
942 _n0
948 _c04/03/1997
999 _c85924
_d85924